| 000 | 00418cam a2200181ua 4500 | ||
|---|---|---|---|
| 020 | _c6.50 | ||
| 041 |
_ahin _h |
||
| 082 |
_a891.54 _bHIG/PA |
||
| 100 | _aHighet, Gilbert . | ||
| 245 |
_aPadane ki kala / _cGilbert highet. _hTextual Documents |
||
| 250 |
_a1 / _b. |
||
| 260 |
_a : _bAtmaram and Sons , _c1958. |
||
| 300 | _a224 ; . | ||
| 365 | _a6.50 | ||
| 504 | _a | ||
| 942 | _cBK | ||
| 999 |
_c8470 _d8470 |
||